Sports Quiz

Random Sports or Football Quiz

Active HR Hitters by Age Quiz Stats

 Plays Quiz not verified by Sporcle

Challenge
Share
Tweet
Embed
Score 0/19 Timer 10:00
0 Plays Today
Age Player % Correct
34Alex Rodriguez
97.5%
39Jim Thome
92.5%
32Aramis Ramirez
89.4%
38Manny Ramirez
89.4%
30Albert Pujols
88.2%
26Prince Fielder
71.4%
33Andruw Jones
69.6%
24Evan Longoria
62.1%
27David Wright
61.5%
35Vladimir Guerrero
60.9%
Age Player % Correct
28Adrian Gonzalez
58.4%
36Todd Helton
54.7%
25Ryan Zimmerman
47.2%
31Adrian Beltre
39.1%
29Justin Morneau
36.6%
40Jim Edmonds
36%
42Matt Stairs
28.6%
23Jay Bruce
15.5%
37Mike Cameron
12.4%

You're not logged in!

Compare scores with friends on all Sporcle quizzes.
Join for Free
OR
Log In

You Might Also Like...

Show Comments

Extras

Top Quizzes Today


Score Distribution

Your Account Isn't Verified!

In order to create a playlist on Sporcle, you need to verify the email address you used during registration. Go to your Sporcle Settings to finish the process.

Report this User

Report this user for behavior that violates our Community Guidelines.

Details: